| 000 | 01171nam a22003737a 4500 | ||
|---|---|---|---|
| 003 | CL-SaCFP | ||
| 005 | 20251030163841.0 | ||
| 007 | ta | ||
| 008 | 250701s2025 ag a b 000 0dspa | ||
| 020 | _a9786316532763 | ||
| 040 | _cCL | ||
| 041 | 1 |
_aspa _heng |
|
| 082 | 0 | 4 |
_a745.2 N842 2025 _221 |
| 099 | _asec/20250701 | ||
| 099 | _ajsf/o/20250729 | ||
| 099 | _avag/s/20250811 | ||
| 100 | 1 |
_aNorman, Donald, _d1935- _eautor |
|
| 245 | 1 | 0 |
_aEl diseño de las cosas cotidianas / _cDonald Norman; traducción de Esther Cruz Santaella. |
| 250 | _aMarzo, 2025. | ||
| 264 | 1 |
_aBuenos Aires, Argentina : _bEdiciones Godot, _c2025. |
|
| 264 | 3 |
_aSantiago, Chile : _bA Impresores, _c2025. |
|
| 300 |
_a399 páginas : _bilustraciones ; _c23 cm. |
||
| 336 |
_atexto _btxt _2rdacontent |
||
| 337 |
_ano mediado _bn _2rdamedia |
||
| 338 |
_avolumen _bnc _2rdacarrier |
||
| 500 | _aTítulo original: The design of everyday things. | ||
| 500 | _aRetrato del autor. | ||
| 504 | _aBibliografía: páginas 388-399. | ||
| 650 | 7 | _aDiseño industrial | |
| 650 | 7 | _aIngeniería humana | |
| 700 | 1 |
_aCruz Santaella, Ester _etraductora |
|
| 942 |
_2ddc _cLIBRO |
||
| 949 |
_an _bn |
||
| 999 |
_c16309 _d16309 |
||